Southville International School and Colleges
Your cart is empty.
  • Cart
  • Lists
    Public lists list_1 View all
    Your lists Log in to create your own lists
  • Log in to your account
  • Your cookies
  • Search history
Southville International School and Colleges
  • Advanced search
  • Recent comments
  • Most popular
  • Libraries

Log in to your account

Log in with GOOGLE


If you do not have an external account, but do have a local account, you can still log in:

  1. Home
  2. MARC view: For the people, with the people :
Normal view MARC view ISBD view

For the people, with the people : (Record no. 291473)

[ view plain ]
MARC details
000 -LEADER
fixed length control field 00633nam a22001817a 4500
003 - CONTROL NUMBER IDENTIFIER
control field PILC
005 - DATE AND TIME OF LATEST TRANSACTION
control field 20160308075634.0
008 - FIXED-LENGTH DATA ELEMENTS--GENERAL INFORMATION
fixed length control field 160308b xxu||||| |||| 00| 0 eng d
020 ## - INTERNATIONAL STANDARD BOOK NUMBER
International Standard Book Number 9789715505895
050 ## - LIBRARY OF CONGRESS CALL NUMBER
Classification number HD 60.5
Item number .F739 2009
245 ## - TITLE STATEMENT
Title For the people, with the people :
Remainder of title developing social enterprises in the Philippines /
Statement of responsibility, etc edited by Ma. Regina M. Hechanova-Alampay.
260 ## - PUBLICATION, DISTRIBUTION, ETC. (IMPRINT)
Place of publication, distribution, etc Quezon City :
Name of publisher, distributor, etc Ateneo De Manila University,
Date of publication, distribution, etc 2009.
300 ## - PHYSICAL DESCRIPTION
Extent xi, 140 pages ;
Dimensions 25 cm.
500 ## - GENERAL NOTE
General note Includes index.
650 ## - SUBJECT ADDED ENTRY--TOPICAL TERM
Topical term or geographic name as entry element Social entrepreneurship
Geographic subdivision Philippines.
650 ## - SUBJECT ADDED ENTRY--TOPICAL TERM
Topical term or geographic name as entry element Industries
General subdivision Social aspect.
942 ## - ADDED ENTRY ELEMENTS (KOHA)
Source of classification or shelving scheme Library of Congress Classification
Koha item type Books
Call number prefix Local
Holdings
Withdrawn status Lost status Source of classification or shelving scheme Damaged status Home library Current library Shelving location Date acquired Source of acquisition Total Checkouts Total Renewals Full call number Barcode Date last seen Date checked out Price effective from Koha item type
    Library of Congress Classification   College Library College Library Filipiniana Section 03/08/2016 Library Fund 1 6 HD 60.5 .F739 2009 C20425 05/08/2018 08/17/2016 03/08/2016 Books

For the people, with the people :

APA

(2009). For the people, with the people. Quezon City: Ateneo De Manila University.

Chicago

2009. For the people, with the people. Quezon City: Ateneo De Manila University.

Harvard

(2009). For the people, with the people. Quezon City: Ateneo De Manila University.

MLA

For the people, with the people. Quezon City: Ateneo De Manila University. 2009.

  • Place hold
  • Print
  • Cite
  • Add to your cart (remove)
  • Save record
    BIBTEX Dublin Core MARCXML MARC (non-Unicode/MARC-8) MARC (Unicode/UTF-8) MARC (Unicode/UTF-8, Standard) MODS (XML) RIS
  • More searches
    Search for this title in:
    Other Libraries (WorldCat) Other Databases (Google Scholar) Online Stores (Bookfinder.com) Open Library (openlibrary.org)

Exporting to Dublin Core...

SOUTHVILLE LIBRARY

Southville International School and Colleges Library

1281 Tropical Ave. Cor. Luxembourg St., BF Homes International, Las Pinas City

Tel. No. 8256374 / 252358 Loc. 117/146

Powered by Koha